000 01036nam a2200289 4500
001 0000020617
003 CO-CtgCURN
005 20250429224759.0
007 ta
008 160627s 000 0 eng d
020 _a958961468X
040 _aCO-CtgCURN
_bspa
_ccoctgcurn
082 0 _a232
_bB37p
100 1 _aBerthe, Padre.
245 1 0 _aPasion y Muerte De Nuestro Señor Jesucristo /
_cBerthe, Padre.
260 _aMadrid :
_bSalvame Reina de Familia
300 _a109 p.
336 _2rdacontent
337 _2rdamedia
_asin mediacion
_bn
338 _2rdacarrier
_avolumen
_bnc
505 8 _aLa ultima cena.--El testamento de amor.--La agonia y el arresto.--Jesus ante Caifas.--La negociacion de pedro.--La Traicion.--Jesus ante pilatos.--Condenacion a muerte.--La via dolorosa.--Crusificacion y muerte de jesus.--La Resurrecion
650 1 4 _aFe (Religión)
650 1 4 _aCatolicismo.
908 _a160627
942 _cBK
_h232
_iB37p
_2ddc
999 _c43464
_d43464